000 03543cam a22012134i 4500
003 PE-LiUPU
005 20250813185626.0
008 150706s2010 r 000 0 d
020 _a9789972256493
035 _a(Sirsi) i9789972256493
040 _aPE-LiUPU
_bspa
_cPE-LiUPU
_erda
049 _aPRUA
082 0 4 _a363.340985
_bG39
_221
245 0 1 _aGestión del riesgo de desastres :
_bpara la planificación del desarrollo local /
_cAna Lucía Cosamalón Aguilar.
264 1 _aLima :
_bMesa de concentración para la lucha contra la pobreza,
_c[2010].
300 _a88 páginas :
_bilustraciones ;
_c28 cm.
336 _atext
_2rdacontent
337 _aunmediated
_2rdamedia
338 _avolume
_2rdacarrier
504 _aIncluye bibliografía.
505 0 _aMarco teórico y normativo -- desarrollo sostenible -- Gestión del riesgos de desastres -- actualización del plan de desarrollo concertado en el marco del proceso del presupuesto participativo -- Gestión del riesgo de desastre y desarrollo sostenible -- Proceso de incorporación del enfoque de gestión de riesgos en la planificación local -- Normativas -- Herramientas para la gestión del riesgo de desastres -- Estimación del riesgo -- Mapa comunal de riesgos -- Mapa de actores -- Declaratorias de emergencia -- Plan de operaciones de emergencia.
526 _aP202
526 _aP201
526 _aP163
526 _aP162
526 _aP161
526 _aP160
526 _aP148
526 _aP147
526 _aP146
526 _aP145
526 _aP144
526 _aP143
526 _aP142
526 _aP141
526 _aP140
526 _aP139
526 _aP138
526 _aP137
526 _aP136
526 _aP135
526 _aP134
526 _aP133
526 _aP129
526 _aP128
526 _aP127
526 _aP120
526 _aP119
526 _aP118
526 _aP116
526 _aP115
526 _aP114
526 _aP110
526 _aP109
526 _aP108
526 _aP104
526 _aP103
526 _aP102
526 _aP99
526 _aP98
526 _aP97
526 _aP96
526 _aP95
526 _aP93
526 _aP90
526 _aP89
526 _aP88
526 _aP83
526 _aP82
526 _aP62
526 _aP59
526 _aP58
526 _aP57
526 _aP51
526 _aP49
526 _aP48
526 _aP47
526 _aP29
526 _aP24
526 _aP20
526 _aP19
526 _aP17
526 _aP15
526 _aP14
526 _aP12
526 _aP10
526 _aP09
526 _aP08
526 _aP07
526 _aP06
526 _aP05
526 _aP04
526 _aP01
541 _g001001348;
650 0 4 _aGestión de emergencias
_zPerú
650 0 4 _aDesastres naturales
_xPolítica gubernamental
_zPerú
650 0 4 _aDesastres naturales
_xMedidas de seguridad
_zPerú
910 _agl
_cng
_d20130716
942 _2ddc
_cBOOK
949 _a363.340985 G39
_wDEWEY
_c1
_i68086
_lCCODEBUL1
_mBUL
_p10.00
_r0
_sY
_tBOOK
_u2015-7-6
_xINGENIERIA
_PP24
_o.STAFF. Colección General
994 _aC0
_bPEPRU
596 _a1
999 _a363.340985 G39
_wDEWEY
_c55533
_i68086
_d55533
_e2016-6-20
_f2021-11-9
_g7
_lCCODEBUL1
_mBUL
_n1
_p10.00
_q1
_r0
_sY
_tBOOK
_u2015-7-6
_xINGENIERIA
_PP24
_0COMPRA
_o.STAFF. Colección Ingenieria y Arquitectura
980 _81
_gALBERTO SANCHEZ Responsable de Automatización